00466nam a2200181 a 4500001001300000003000900013005001700022008004100039020001000080082001300090100001600103245003200119260005000151300000900201500003500210505001800245650002100263nice12345678IN_TiNIC20260116011254.0050524s1922 cama grp 000 0 eng  ac10000a297bARN aArnold, T W aVolume of Oriental Studies. aCambridge bCambridge University Press c1922 a499p aincludes index and biblioraphy2 aIndex, Illus. aIslam-Miscellany